[Event "Barcelona Primavera La Lira op 8th"]
[Site "Barcelona"]
[Date "2015.04.23"]
[Round "3"]
[White "Qijun, Jin"]
[Black "Palmero Castillo, Marcelino"]
[Result "1-0"]
[WhiteElo "1658"]
[BlackElo "1647"]
[PlyCount "65"]
[EventDate "2015.04.09"]
[EventType "swiss"]
[EventRounds "9"]
[EventCountry "ESP"]
[SourceTitle "CBM 166 Extra"]
[Source "ChessBase"]
[SourceDate "2015.06.18"]
[SourceVersion "1"]
[SourceVersionDate "2015.06.18"]
[SourceQuality "1"]

1. c4 c5 2. Nc3 Nc6 3. Nf3 Nf6 4. g3 e6 5. Bg2 Be7 6. d4 cxd4 7. Nxd4 0-0 8. 0-0 Qb6 9. Nc2 a6 10. b3 Qc7 11. Bf4 d6 12. Qc1 e5 13. Bd2 Be6 14. Ne3 Nd4 15. Qd1 Rac8 16. Ned5 Nxd5 17. Nxd5 Bxd5 18. Bxd5 Bf6 19. e3 Nc6 20. Bc3 Ne7 21. Be4 Qc5 22. Qd3 g6 23. Qd2 Rfd8 24. Bb4 Qb6 25. Ba5 Qc5 26. Bxd8 Rxd8 27. Bxb7 a5 28. Rac1 Bg5 29. Be4 f5 30. Bd5+ Kf8 31. Rcd1 f4 32. h4 fxe3 33. fxe3+ 1-0